Career satisfaction and success : how to know and manage your strengths /

Bibliographic Details
Main Author: Haldane, Bernard
Format: Book
Language:English
Published: New York, N.Y. : AMACOM, [1981]
Edition:Rev. ed.
Subjects:

MARC

Tag First Indicator Second Indicator Subfields
LEADER 00000cam a2200000 a 4500
001 in00000092621
005 20151008064313.0
008 810923s1981 nyuk 00110 eng
010 |a  81066217  
020 |a 0814457096 
035 |a (OCoLC)07836405 
035 |9 AAK3925AM 
039 0 |a 2  |b 3  |c 3  |d 3  |e 3 
040 |a DLC  |c DLC  |d TXA  |d UtOrBLW 
049 |a TXAM  |c [952049] 
050 0 0 |a HF5549.5.J63  |b H27 1981 
082 0 |a 650.1/4  |2 19 
100 1 |a Haldane, Bernard. 
245 1 0 |a Career satisfaction and success :  |b how to know and manage your strengths /  |c Bernard Haldane ; with a foreword by Peter F. Drucker. 
250 |a Rev. ed. 
264 1 |a New York, N.Y. :  |b AMACOM,  |c [1981] 
264 4 |c ©1981 
300 |a 210 pages :  |b forms ;  |c 24 cm. 
336 |a text  |b txt  |2 rdacontent 
337 |a unmediated  |b n  |2 rdamedia 
338 |a volume  |b nc  |2 rdacarrier 
500 |a Includes index. 
650 0 |a Job satisfaction. 
650 0 |a Success. 
999 |a MARS 
999 f f |s e79e82fd-42f3-370e-96d5-1f73a87bf9a2  |i ec4cdda9-97db-370a-84c1-e899e503b324  |t 0 
952 f f |p ric  |a Texas A&M University  |b Rellis Campus  |c Joint Library Facility  |d Remote Storage  |t 0  |e HF5549.5.J63 H27 1981  |h Library of Congress classification  |i unmediated -- volume  |m A14806135622 
998 f f |a HF5549.5.J63 H27 1981  |t 0  |l Remote Storage